Význam práce interného audítora pri riadení pohľadávok v podnikateľskej jednotke diplomová práca

Salvato in:
Dettagli Bibliografici
Autore principale: Wožniak, Gabriel
Ente Autore: Fakulta hospodárskej informatiky EU. Katedra účtovníctva a audítorstva
Altri autori: Vépyová, Mária
Natura: Libro
Lingua:slovacco
Pubblicazione: Bratislava 2014
Tags: Aggiungi Tag
Nessun Tag, puoi essere il primo ad aggiungerne!!

MARC

LEADER 00000nbm a2200000 4500
001 0188619
005 20170201104853.7
041 0 |a slo 
044 |a SK 
245 1 0 |a Význam práce interného audítora pri riadení pohľadávok v podnikateľskej jednotke  |b diplomová práca  |c Gabriel Wožniak ; školiteľ: Mária Vépyová 
264 1 |a Bratislava  |c 2014 
300 |a 62 s. 
100 1 |a Wožniak, Gabriel 
700 1 |a Vépyová, Mária 
710 2 |a Fakulta hospodárskej informatiky EU. Katedra účtovníctva a audítorstva